| 000 | 01974nam a2200373 a 4500 | ||
|---|---|---|---|
| 003 | CHAP | ||
| 005 | 20230327123439.0 | ||
| 007 | ta | ||
| 008 | 230327s2021 mx ado|fr||||a001 0 spa d | ||
| 020 | _a978-607-12-0613-8 | ||
| 040 |
_amxchpua _cCHAP _erda |
||
| 050 | 1 | 0 |
_aSF250.5 _b.V55 2021 |
| 082 | 0 | 0 |
_a637.14 _bV55 2021 _220 |
| 100 | 1 |
_9185141 _aVillegas de Gante, Abraham Zacarias _eautor |
|
| 245 | 1 | 0 |
_aProcesamiento básico de la leche en derivados / _cAbraham Villegas de Gante |
| 250 | _a1a edición | ||
| 264 |
_aChapingo, México : _bUniversidad Autónoma Chapingo, _c2021 |
||
| 300 |
_a63 páginas : _bilustraciones, gráficas, diagramas, tablas, fotos |
||
| 336 |
_2rdacontent _atexto _btxt |
||
| 337 |
_2rdamedia _asin medio _bn |
||
| 338 |
_2rdacarrier _avolumen _bnc |
||
| 490 | 1 | _aAgronomía esencial. Producción agroindustrial (UACh) | |
| 504 | _aBibliografía: página 63 | ||
| 505 | 0 | _aIntroducción -- Productos lácteos -- Jocoque -- Yogur -- Kéfir -- Nata -- Quesos -- Dulces -- Bibliografía | |
| 520 | 2 | _aLa leche y sus derivados han acompañado al humano desde tiempos remotos, cuando se domesticaron los primeros mamíferos y cuando se volvió sedentario.Entre los derivados obtenidos de la leche de estos mamíferos seguramente se hallaban las leches fermentadas espontánea y naturalmente, y quesos rústicos que fueron creados casualmente y cuyas recetas fueron perfeccionadas con el tiempo. Todos estos productos originarios se elaboraban con leche cruda y se conservaban gracias a las fermentaciones que ocurrían en la misma leche fluida o en las pasta de los quesos. | |
| 650 | 1 | 0 |
_9161553 _aDairy technology |
| 650 | 1 | 3 |
_9152329 _aTecnología lechera |
| 650 | 1 | 7 |
_992124 _aProductos lácteos |
| 650 | 1 | 3 |
_9162947 _aDairy science |
| 650 | 1 | 3 |
_9161553 _aDairy technology |
| 650 | 1 | 3 |
_9147027 _aDairy products |
| 830 | 0 |
_9186557 _aAgronomía esencial. Producción agroindustrial (UACh) |
|
| 942 |
_2ddc _cLibro |
||
| 999 |
_c218580 _d218580 |
||